000 01143cam a22003497a 4500
003 CHAP
005 20220329141853.0
008 980319d1966 mx r 00110 spa d
010 _a75062
011 _a76034
035 _a85611
040 _cCHAP
090 _aTesis
100 0 0 _aQuiñones Leyva, Marco Antonio.
_993463
245 1 0 _aMejoramiento genético del anfiploide triticale
_c/por Marco Antonio Quiñones Leyva
260 _aChapingo, Méx. :
_bEl autor,
_c1966.
300 _a92 h.
502 _aTesis (Biólogo) -- UNAM. Facultad de Ciencias
590 _aALEPH
_b10
_c20130110
_lUCH01
_h1422
590 _aBATCH-UPD
_b10
_c20130110
_lUCH01
_h0021
590 _aBATCH-UPD
_b10
_c20130110
_lUCH01
_h0402
590 _aBATCH-UPD
_b10
_c20130409
_lUCH01
_h2001
590 _aBATCH-UPD
_b10
_c20130410
_lUCH01
_h1556
590 _aBATCH-UPD
_b10
_c20130914
_lUCH01
_h1949
590 _aCONVERSION
_b10
_c20130109
_lUCH01
_h1341
650 1 4 _aTrigo
_xHíbridos.
_9115039
650 1 4 _aTriticale
_xMejoramiento.
_9115219
901 _aBK
905 _aLilia Sánchez G.
942 _cTESIS
949 _bBC
_cTES
_d856111
_eTS1
_h32536
_i85611
_sb
999 _c75062
_d75062